书目信息 |
| 题名: |
西葫芦 南瓜疑难杂症图片对照诊断与处方
|
|
| 作者: | 潘阳 , 孙茜 主编 | |
| 分册: | ||
| 出版信息: | 北京 中国农业出版社 2019 |
|
| 页数: | 101页 | |
| 开本: | 21cm | |
| 丛书名: | 无公害蔬菜病虫害防治实战丛书 | |
| 单 册: | ||
| 中图分类: | S43 | |
| 科图分类: | ||
| 主题词: | 西葫芦--Xi Hu Lu--无污染技术--病虫害防治 , 南瓜--Nan Gua--无污染技术--病虫害防治 | |
| 电子资源: | ||
| ISBN: | 978-7-109-25324-7 | |
| 000 | 01159nam 2200301 450 | |
| 001 | 012001000062 | |
| 005 | 20191107171604.70 | |
| 010 | @a978-7-109-25324-7@dCNY26.00 | |
| 099 | @aCAL 012019133803 | |
| 100 | @a20191021d2019 em y0chiy50 ea | |
| 101 | 0 | @achi |
| 102 | @aCN@b110000 | |
| 105 | @aak z 000yy | |
| 106 | @ar | |
| 200 | 1 | @a西葫芦 南瓜疑难杂症图片对照诊断与处方@AXi Hu Lu Nan Gua Yi Nan Za Zheng Tu Pian Dui Zhao Zhen Duan Yu Chu Fang@f潘阳, 孙茜主编 |
| 205 | @a第2版 | |
| 210 | @a北京@c中国农业出版社@d2019 | |
| 215 | @a101页@c彩图@d21cm | |
| 225 | 2 | @a无公害蔬菜病虫害防治实战丛书@AWu Gong Hai Shu Cai Bing Chong Hai Fang Zhi Shi Zhan Cong Shu |
| 330 | @a本书共分9章,包括西葫芦、南瓜病虫害的田间诊断;西葫芦、南瓜病害典型与非典型、疑似症状的诊断与救治;西葫芦、南瓜生理性病害的诊断与救治等内容。 | |
| 410 | 0 | @12001 @a无公害蔬菜病虫害防治实战丛书 |
| 606 | 0 | @a西葫芦@AXi Hu Lu@x无污染技术@x病虫害防治 |
| 606 | 0 | @a南瓜@ANan Gua@x无污染技术@x病虫害防治 |
| 690 | @aS43@v5 | |
| 701 | 0 | @a潘阳@APan Yang@4主编 |
| 701 | 0 | @a孙茜@ASun Qian@4主编 |
| 801 | 0 | @aCN@b北京卓展文化@c20191020 |
| 905 | @b1195217-20@dS43@e148=2@f4 | |
| 西葫芦 南瓜疑难杂症图片对照诊断与处方/潘阳, 孙茜主编.-第2版.-北京:中国农业出版社,2019 |
| 101页:彩图;21cm.-(无公害蔬菜病虫害防治实战丛书) |
| ISBN 978-7-109-25324-7:CNY26.00 |
| 本书共分9章,包括西葫芦、南瓜病虫害的田间诊断;西葫芦、南瓜病害典型与非典型、疑似症状的诊断与救治;西葫芦、南瓜生理性病害的诊断与救治等内容。 |
| ● |
| 相关链接 |
|
|
|
|
正题名:西葫芦 南瓜疑难杂症图片对照诊断与处方
索取号:S43/148=2
 
预约/预借
| 序号 | 登录号 | 条形码 | 馆藏地/架位号 | 状态 | 备注 |
| 1 | 1195217 | 211952172 | 第二样本阅览室/ [索取号:S43/148=2] | 在馆 | |
| 2 | 1195218 | 211952181 | 第三借阅区/ [索取号:S43/148=2] | 在馆 | |
| 3 | 1195219 | 211952190 | 第三借阅区/ [索取号:S43/148=2] | 在馆 | |
| 4 | 1195220 | 211952207 | 第三借阅区/ [索取号:S43/148=2] | 在馆 |